Системы аварийного электроснабжения ответственных потребителей переменного тока: учебное пособие для вузов

Sonraí bibleagrafaíochta
Príomhchruthaitheoir: Гарганеев А. Г. Александр Георгиевич
Údar corparáideach: Национальный исследовательский Томский политехнический университет (ТПУ)
Achoimre:В пособии рассмотрены вопросы построения систем бесперебойного электропитания (СБЭП) ответственных потребителей переменного тока на основе полупроводниковых преобразователей; особенности взаимодействия СБЭП и дизель-генераторных станций; методы формирования выходного напряжения в автономных инверторах способом широтно-импульсной модуляции; проанализирована работа ответственных электропотребителей различных технологических процессов; приведены сведения о современных системах мониторинга СБЭП; значительное место отведено химическим источникам тока как элементу СБЭП. Предназначено для студентов, обучающихся по направлениям «Электромеханика, электротехника и электротехнологии», «Автоматизация и управление», а также может быть полезно специалистам, занимающимся разработкой и эксплуатацией СЭП на основе статических преобразователей частоты
Teanga:Rúisis
Foilsithe / Cruthaithe: Томск, Изд-во ТПУ, 2011
Ábhair:
Formáid: MixedMaterials LEABHAR
KOHA link:https://koha.lib.tpu.ru/cgi-bin/koha/opac-detail.pl?biblionumber=199470

MARC

LEADER 00000nam0a2200000 4500
001 199470
005 20231101224902.0
010 |a 9785982986665 
035 |a (RuTPU)RU\TPU\book\217500 
090 |a 199470 
100 |a 20110809d2011 m y0rusy50 ca 
101 0 |a rus 
102 |a RU 
105 |a a j 001zy 
200 1 |a Системы аварийного электроснабжения ответственных потребителей переменного тока  |e учебное пособие для вузов  |f А. Г. Гарганеев  |g Национальный исследовательский Томский политехнический университет (ТПУ) 
210 |a Томск  |c Изд-во ТПУ  |d 2011 
215 |a 190 с.  |c ил. 
320 |a Библиогр.: с. 178-187. 
330 |a В пособии рассмотрены вопросы построения систем бесперебойного электропитания (СБЭП) ответственных потребителей переменного тока на основе полупроводниковых преобразователей; особенности взаимодействия СБЭП и дизель-генераторных станций; методы формирования выходного напряжения в автономных инверторах способом широтно-импульсной модуляции; проанализирована работа ответственных электропотребителей различных технологических процессов; приведены сведения о современных системах мониторинга СБЭП; значительное место отведено химическим источникам тока как элементу СБЭП. Предназначено для студентов, обучающихся по направлениям «Электромеханика, электротехника и электротехнологии», «Автоматизация и управление», а также может быть полезно специалистам, занимающимся разработкой и эксплуатацией СЭП на основе статических преобразователей частоты 
606 1 |a Электроснабжение  |2 stltpush  |3 (RuTPU)RU\TPU\subj\20841  |9 45911 
610 1 |a электроэнергетика 
610 1 |a бесперебойное электропитание 
610 1 |a электропотребление 
610 1 |a химические источники тока 
610 1 |a зарядные режимы 
610 1 |a разрядные режимы 
610 1 |a динамические характеристики 
610 1 |a анализ 
610 1 |a дизель-генераторные станции 
610 1 |a дизель-генераторные станции 
610 1 |a системы бесперебойного электропитания 
610 1 |a мониторинг 
610 1 |a учебные пособия 
610 1 |a труды учёных ТПУ 
675 |a 621.31.031(075.8)  |v 3 
700 1 |a Гарганеев  |b А. Г.  |c специалист в области электротехники  |c профессор Томского политехнического университета  |f 1955-  |g Александр Георгиевич  |2 stltpush  |3 (RuTPU)RU\TPU\pers\27965 
712 0 2 |a Национальный исследовательский Томский политехнический университет (ТПУ)  |c (2009- )  |2 stltpush  |3 (RuTPU)RU\TPU\col\15902 
801 1 |a RU  |b 63413507  |c 20110809 
801 2 |a RU  |b 63413507  |c 20110831  |g RCR 
942 |c BK